000
00317nam a22001217a 4500
008
230623b xxu||||| |||| 00| 0 eng d
020
_a
043532135
082
_a
330.96
_b
BRE 1974
245
_a
Colonialism and Underdevelopment in East Africa
260
_a
London
_b
Heinemann
_c
1974
300
_a
XV,330p
942
_2
ddc
_c
BK
999
_c
2536
_d
2536